[Event "Torneo internacional Alicante"]
[Site "Alicante"]
[Date "1975.??.??"]
[Round "4"]
[White "Durao, Joaquim Manuel"]
[Black "Pomar Salamanca, Arturo"]
[Result "0-1"]
[WhiteElo "2350"]
[BlackElo "2450"]
[PlyCount "78"]
[EventDate "1975.12.??"]

1. d4 Nf6 2. c4 e6 3. Nc3 Bb4 4. e3 O-O 5. Bd3 d5 6. Nge2 b6 7. O-O Ba6 8. cxd5
Bxd3 9. Qxd3 exd5 10. Ng3 Nbd7 11. Qb5 c5 12. dxc5 bxc5 13. Bd2 Rb8 14. Qe2 Ne5
15. Rfd1 c4 16. Nf5 Re8 17. Nd4 Qd7 18. b3 Nd3 19. Rab1 Bc5 20. Qf3 Bxd4 21.
exd4 Ne4 22. Nxe4 dxe4 23. Qg3 cxb3 24. Rxb3 Rxb3 25. axb3 Qxd4 26. Be3 Qb2 27.
Bxa7 Qxb3 28. Rf1 f5 29. Bd4 Qf7 30. Ra1 f4 31. Qg5 h6 32. Qb5 Rc8 33. h3 Rc1+
34. Rxc1 Nxc1 35. Be5 Nd3 36. Bd4 Qg6 37. Be5 Kh7 38. Bc7 e3 39. fxe3 fxe3 $138
0-1

[Event "Torneo internacional Alicante"]
[Site "Alicante"]
[Date "1975.12.??"]
[Round "5"]
[White "Hartston, William R"]
[Black "Durao, Joaquim Manuel"]
[Result "1-0"]
[WhiteElo "2475"]
[BlackElo "2350"]
[PlyCount "55"]
[EventDate "1975.12.??"]

1. d4 Nf6 2. c4 g6 3. Nc3 Bg7 4. Bg5 d6 5. Nf3 h6 6. Bh4 g5 7. Bg3 Nh5 8. e3 c5
9. Be2 Nc6 10. d5 Nxg3 11. hxg3 Ne5 12. Nxe5 Bxe5 13. f4 Bg7 14. Qc2 Qa5 15.
Kf2 Bd7 16. Bh5 Rf8 17. Rhc1 O-O-O 18. a3 e6 19. b4 Qa6 20. Rab1 Qxc4 21. bxc5
exd5 22. cxd6 Bc6 23. Be2 Qc5 24. Qf5+ Rd7 25. Ne4 Qxa3 26. Rxc6+ bxc6 27. Nc5
Rfd8 28. Ba6+ 1-0

[Event "Torneo internacional Alicante"]
[Site "Alicante"]
[Date "1975.??.??"]
[Round "5"]
[White "Ochoa de Echaguen, Francisco Javier"]
[Black "Fraguela Gil, Jose Miguel"]
[Result "1-0"]
[WhiteElo "2200"]
[BlackElo "2390"]
[PlyCount "47"]
[EventDate "1975.12.??"]

1. e4 c5 2. Nf3 d6 3. Bb5+ Nd7 4. d4 cxd4 5. Qxd4 Ngf6 6. Bg5 a6 7. Bxd7+ Bxd7
8. Nc3 Bc6 9. O-O-O e6 10. e5 dxe5 11. Qxe5 Qe7 12. Nd4 Nd7 13. Qg3 Qc5 14.
Rhe1 h6 15. Be3 Qa5 16. Bf4 O-O-O 17. Nxc6 bxc6 18. Qf3 Kb7 19. Re4 Nf6 20.
Rxd8 Qxd8 21. Rc4 Qd7 22. Be5 Nd5 23. Nxd5 exd5 24. Qb3+ 1-0

[Event "Torneo internacional Alicante"]
[Site "Alicante"]
[Date "1975.12.12"]
[Round "7"]
[White "Tatai, Stefano"]
[Black "Durao, Joaquim Manuel"]
[Result "1-0"]
[WhiteElo "2455"]
[BlackElo "2350"]
[PlyCount "127"]
[EventDate "1975.12.??"]

1. e4 e6 2. d4 d5 3. e5 c5 4. c3 Nc6 5. Nf3 Qb6 6. Be2 Bd7 7. O-O f6 8. dxc5
Bxc5 9. b4 Be7 10. Bf4 Nh6 11. exf6 Bxf6 12. b5 Ne7 13. Ne5 Bxe5 14. Bxe5 O-O
15. c4 Nhf5 16. Qd2 Ng6 17. Bc3 dxc4 18. Na3 Bxb5 19. Rab1 a6 20. Nxb5 axb5 21.
Bxc4 Rad8 22. Qb2 Ne3 23. Qxb5 Qxb5 24. Bxe6+ Kh8 25. Rxb5 Nf4 26. Re1 Nxe6 27.
Rxe3 Rd1+ 28. Re1 Nd4 29. Rbe5 Rxe1+ 30. Rxe1 Nc6 31. h4 Kg8 32. Rb1 Rf7 33. h5
Rd7 34. Kf1 Kf7 35. Ke2 Ke6 36. Rb5 g6 37. Ke3 Ne7 38. Ke4 Nf5 39. Be5 Rd4+ 40.
Bxd4 Nd6+ 41. Kd3 Nxb5 42. hxg6 hxg6 43. Kc4 Nd6+ 44. Kc5 Ne4+ 45. Kb6 Kd5 46.
f3 Nd6 47. Bf2 Kc4 48. Bc5 Nf5 49. g4 Nh4 50. f4 Ng2 51. f5 gxf5 52. gxf5 Nf4
53. Bd6 Nd5+ 54. Kxb7 Kb5 55. Bf8 Ka4 56. Bc5 Nc3 57. Kc6 Ne4 58. Be7 Nf2 59.
Kb6 Ng4 60. Ka6 Ne3 61. f6 Nd5 62. f7 Nc7+ 63. Kb7 Ne6 64. f8=Q 1-0